• 首页
  • 本馆介绍
  • 公告通知
  • 最新文献
  • 馆藏检索
  • 电子资源
  • 读者导购
  • 参考咨询
  • 我的图书馆
  • 登录
  • 详细信息显示
  • 放入我的书架
  • 预约/预借图书
  • 作者相关作品
  • 分类相关作品
  • 丛书相关作品
  • 出版社相关作品

书目信息

  • 表格格式
  • 工作单格式
  • 卡片格式
题名:
选择有灵魂的工作
    
 
作者: 克兹纳里奇 著 ;索菲娅 译
分册:  
出版信息: 北京   人民文学出版社  2016
页数: 188页
开本: 21cm
丛书名: 生活轻哲学书系
单 册:
中图分类: C913.2
科图分类:
主题词: 职业选择--zhi ye xuan ze
电子资源:
ISBN: 978-7-02-011739-0
000 01093nam0 22002771 450
001 1755138394
005 20170602161318.0
010    @a978-7-02-011739-0@dCNY30.00
100    @a20160913d2016 em y0chiy50 ea
101 1  @achi@ceng
102    @aCN@b110000
105    @aa z 000yy
106    @ar
200 1  @a选择有灵魂的工作@Axuan ze you ling hun de gong zuo@dHow to find fulfilling work@f(英)罗曼·克兹纳里奇著@g索菲娅译@zeng
210    @a北京@c人民文学出版社@d2016
215    @a188页@c图@d21cm
225 2  @a生活轻哲学书系@Asheng huo qing zhe xue shu xi@f阿兰·德波顿主编
330    @a本书主要探讨工作的意义,书中认为我们正处于一个追求成就感的年代,通过一个关于职业困惑的小故事,强调应赋予工作以意义,要先行动、后思考,并在工作中培养一种“使命感”。
461  0 @12001 @a生活轻哲学书系
510 1  @aHow to find fulfilling work@zeng
606 0  @a职业选择@Azhi ye xuan ze
690    @aC913.2@v5
701  0 @c(英)@a克兹纳里奇@Ake zi na li qi@c(Krznaric, Roman)@4著
702  0 @a索菲娅@Asuo fei ya@4译
801  0 @aCN@bTANGWEI@c20170602
905    @b0972168-70@dC913.2@e1023@f3
    
    选择有灵魂的工作=How to find fulfilling work/(英)罗曼·克兹纳里奇著/索菲娅译.-北京:人民文学出版社,2016
    188页:图;21cm.-(生活轻哲学书系/阿兰·德波顿主编)
    
    
    ISBN 978-7-02-011739-0:CNY30.00
    本书主要探讨工作的意义,书中认为我们正处于一个追求成就感的年代,通过一个关于职业困惑的小故事,强调应赋予工作以意义,要先行动、后思考,并在工作中培养一种“使命感”。
●
相关链接 在E读中查询图书 在五车中查询图书 在当当中查询图书 在豆瓣中查询图书


正题名:选择有灵魂的工作     索取号:C913.2/1023         预约/预借

序号 登录号 条形码 馆藏地/架位号 状态 备注
1 0972168   209721684   第一样本阅览室/ [索取号:C913.2/1023] 在馆    
2 0972169   209721693   第一借阅区/ [索取号:C913.2/1023] 在馆    
3 0972170   209721700   第一借阅区/ [索取号:C913.2/1023] 在馆    
唐山师范学院图书馆 欢迎您!
大连网信软件有限公司© 版权所有